Catálogo público

Pharmacology, phytotherapy. human welfare. regional aspects (Record no. 59321)

MARC details
000 -CABECERA
campo de control de longitud fija 00862nam a22002537a 4500
003 - IDENTIFICADOR DEL NÚMERO DE CONTROL
campo de control CHAP
005 - FECHA Y HORA DE LA ÚLTIMA TRANSACCIÓN
campo de control 20220329140903.0
008 - DATOS DE LONGITUD FIJA--INFORMACIÓN GENERAL
campo de control de longitud fija 971013s r 10010 d
010 ## - NÚMERO DE CONTROL DE LA BIBLIOTECA DEL CONGRESO
Número de control de LC 59321
011 ## - ENLACE DEL NUMERO DE CONTROL DE LA BIBLIOTECA DEL CONGRESO [OBSOLETO]
Número de control de LC 60293
035 ## - NÚMERO DE CONTROL DEL SISTEMA
Número de control de sistema 64453
040 ## - FUENTE DE LA CATALOGACIÓN
Centro/agencia transcriptor CHAP
111 00 - ENTRADA PRINCIPAL--NOMBRE DE CONGRESO/REUNIÓN
Nombre de congreso/reunión o jurisdicción como elemento de entrada World Congress on Medicinal and Aromatic Plants for Human Welfare (
Número del congreso/reunión o número de parte o sección 1
Fecha del congreso/reunión : 1992
Sede del congreso/Lugar de la reunión : Maastricht, Netherlands)
9 (RLIN) 122704
245 ## - MENCIÓN DE TÍTULO
Título Pharmacology, phytotherapy. human welfare. regional aspects
490 ## - MENCIÓN DE SERIE
Mención de serie Acta Horticulturae
Designación de volumen o secuencia ; 332
590 ## - NOTA LOCAL (RLIN)
Nota local BATCH-UPD
Procedencia (VM) [OBSOLETO] 10
Condición del los carretes individuales (VM) [OBSOLETO] 20130110
-- UCH01
-- 0144
590 ## - NOTA LOCAL (RLIN)
Nota local BATCH-UPD
Procedencia (VM) [OBSOLETO] 10
Condición del los carretes individuales (VM) [OBSOLETO] 20130110
-- UCH01
-- 1231
590 ## - NOTA LOCAL (RLIN)
Nota local CONVERSION
Procedencia (VM) [OBSOLETO] 10
Condición del los carretes individuales (VM) [OBSOLETO] 20130109
-- UCH01
-- 1332
830 0# - PUNTO DE ACCESO ADICIONAL DE SERIE-TÍTULO UNIFORME
Título uniforme Acta Horticulturae
Designación de volumen o secuencia ; 332
9 (RLIN) 739
852 #2 - LOCALIZACIÓN
-- ISSUE
Anterior ubicación en estantería 2012-12-17
-- 03
901 ## - ELEMENTOS DE DATOS A LOCAL LDA (RLIN)
a BK
942 ## - ELEMENTOS DE PUNTO DE ACCESO ADICIONAL (KOHA)
Tipo de ítem Koha Publicaciones seriadas
949 ## - PROCESAMIENTO DE INFORMACIÓN LOCAL (OCLC)
b BC
c PS
d -140276
e PS
i 64453
s i
Holdings
Estado de retiro Estado de pérdida Fuente del sistema de clasificación o colocación Estado dañado Restricciones de uso No para préstamo Código de colección Localización permanente Ubicación/localización actual Ubicación en estantería Fecha de adquisición Información codificada de la localización en otra ubicación Total de préstamos Código de barras Fecha visto por última vez Precio válido a partir de Tipo de ítem Koha Nota pública
    Clasificación Universidad Autónoma de Chapingo   Préstamo interno   Publicaciones seriadas Biblioteca Central Biblioteca Central Planta baja - Hemeroteca 17/12/2012 ISSUE   -140276 31/12/2019 17/12/2012 Publicaciones seriadas Recien adquirido